عرض عادي
عرض مارك
- جاهين، سامي أنور،
مدخل إسم شخص
001 - رقم الضبط
- حقل الضبط: 97231
003 - معرف رقم الضبط
- حقل الضبط: OSt
005 - تاريخ ووقت أخر عملية
- حقل الضبط: 20220814120258.0
008 - عناصر بيانات ثابتة الطول
- حقل تحكم ثابت الطول: 220814|| aca||aabn | a|a d
040 ## - مصدر الفهرسة
- هيئة الفهرسة الأصلية: OSt
- وكالة الكتابة: OSt
100 ## - مدخل -- أسم شخص
- إسم شخص: جاهين، سامي أنور،
670 ## - بيانات المصدر موجوده
- الاستشهاد بالمصدر: Work cat.: (OSt)81455: الطبراني، سليمان بن أحمد بن أيوب، 260-360 هـ. 5155, كتاب الدعاء /
